漢字1文字から国を特定 - Statistics

General Stats
  • This quiz has been taken 659 times
  • The average score is 19 of 29
Answer Stats
漢字 国名 % Correct
アメリカ
100%
フランス
99%
ドイツ
99%
ロシア
99%
イタリア
98%
オーストラリア
96%
インド
96%
オランダ
93%
カナダ
87%
西 スペイン
86%
比・非 フィリピン
79%
トルコ
71%
ベトナム
68%
メキシコ
66%
北朝鮮
66%
アイルランド
64%
ニュージーランド
57%
瑞(スウェーデンではない) スイス
55%
ブラジル
55%
ポーランド
53%
ギリシャ
51%
インドネシア
48%
ベルギー
46%
シンガポール
43%
デンマーク
41%
ラオス
34%
ハンガリー
33%
ルーマニア
32%
ラトビア
27%
No matching quizzes found
Score Distribution
Percent of People with Each Score
Percentile by Number Answered
Your Score History
You have not taken this quiz